000 00832nam a2200217 i 4500
001 154045
003 ES-MaACL
005 20250716063309.0
008 950525s1767 ne a |||| | fre d
100 1 _aFénelon, François de Salignac de La Mothe,
_d1651-1715
_949246
245 1 4 _aLes aventures de Télémaque, fils d'Ulysse /
_cpar Messire François de Salignac de la Motte Fenelon...
250 _aNouvelle edition augmentée & corrigée...
260 _aA Leyde :
_bchez J. de Wetstein,
_c1767.
300 _aXL, 435 p., [10] h. de lám. ;
_c12º.
597 _aSign.: a12, b8, A-S12, T-V4.
597 _aFront calc.
597 _aPort. a dos tintas.
599 _aLas h. de grab. calc., intercaladas en el texto.
852 _aES-MaACL
_jR-973
_z- Enc. pasta
_x Olim: G-9262
999 _c154045
_d154045